| Tag |
First Indicator |
Second Indicator |
Subfields |
| LEADER |
00000cam a2200000Ia 4500 |
| 001 |
in00002655430 |
| 006 |
m d |
| 007 |
cr cn||||||||| |
| 008 |
100429s2010 pau ob 001 0 eng d |
| 005 |
20250816212956.1 |
| 010 |
|
|
|z 2010016494
|
| 020 |
|
|
|z 9781616922450 (hardcover)
|
| 020 |
|
|
|z 9781616922467 (ebook)
|
| 035 |
|
|
|a (CaPaEBR)ebr10422775
|
| 040 |
|
|
|a CaPaEBR
|c CaPaEBR
|d UtOrBLW
|
| 050 |
1 |
4 |
|a QA76.9.A25
|b I541435 2010eb
|
| 082 |
0 |
4 |
|a 005.8
|2 22
|
| 245 |
0 |
0 |
|a Information assurance and security ethics in complex systems :
|b interdisciplinary perspectives /
|c Melissa Jane Dark, editor.
|
| 264 |
|
1 |
|a Hershey, PA :
|b Information Science Reference,
|c 2010.
|
| 300 |
|
|
|a xxi, 3 unnumbered pages, 282 pages
|
| 336 |
|
|
|a text
|b txt
|2 rdacontent
|
| 337 |
|
|
|a computer
|b c
|2 rdamedia
|
| 338 |
|
|
|a online resource
|b cr
|2 rdacarrier
|
| 504 |
|
|
|a Includes bibliographical references and index.
|
| 533 |
|
|
|a Electronic reproduction.
|b Palo Alto, Calif. :
|c ebrary,
|d 2010.
|n Available via World Wide Web.
|n Access may be limited to ebrary affiliated libraries.
|
| 500 |
|
|
|a Electronic resource.
|
| 650 |
|
0 |
|a Computer security.
|
| 650 |
|
0 |
|a Data protection.
|
| 650 |
|
0 |
|a Privacy, Right of.
|
| 650 |
|
0 |
|a Information technology
|x Security measures.
|
| 655 |
|
7 |
|a Electronic books.
|2 local
|
| 700 |
1 |
|
|a Dark, Melissa Jane,
|d 1961-
|
| 710 |
2 |
|
|a ebrary, Inc.
|
| 856 |
4 |
0 |
|u https://ebookcentral.proquest.com/lib/tamucs/detail.action?docID=3310761
|y Connect to the full text of this electronic book
|t 0
|
| 999 |
f |
f |
|s 5f02d48e-a457-3877-be95-aa9418044b52
|i 33b6273f-9914-31dd-87ce-a1a7caa28e1f
|t 0
|
| 999 |
|
|
|a MARS
|
| 952 |
f |
f |
|a Texas A&M University
|b College Station
|c Electronic Resources
|d Available Online
|t 0
|e QA76.9.A25 I541435 2010eb
|h Library of Congress classification
|
| 998 |
f |
f |
|a QA76.9.A25 I541435 2010eb
|t 0
|l Available Online
|